00836 2200301 4500001002100000005001700021008004100038020002200079035002500101040001200126082001200138084001400150100001900164245008500183250001100268260003300279300002900312504002600341650002800367700001900395850001200414990001800426990001800444990001800462990001800480990001800498990001800516INLIS00000000001201120150929094531.0  a978-602-978-881-5 a0010-091500000000524 aYOPDYOG 223a425 a425 Pan T aPANCA Prastowo aTebas Grammar TOEFL setuntas-tuntasnyac/ Panca Prastowo; Editor, Nawang Sawitri aCet. 1 aJogjakartabDiva Pressc2011 a307 hlm.c; 24 cm.e+ CD aBibliografi: hlm. 307 aTOEFL- Ujian, Soal dsb. aNAWANG Sawitri aYOPDYOG a50308-PD/A.15 a50309-PD/A.15 a50310-PD/A.15 a50310-PD/A.15 a50308-PD/A.15 a50309-PD/A.15